American Idiot - Green Day - All Lyrics - Statistics

General Stats
  • This quiz has been taken 796 times
  • The average score is 131 of 180
Answer Stats
Answer % Correct
a
100%
America
99%
be
99%
idiot
99%
American
98%
an
98%
do
98%
wanna
96%
Don't
95%
the
93%
The
93%
of
90%
to
90%
new
88%
nation
87%
want
87%
media
86%
f****t,
85%
kind
77%
Welcome
77%
you
76%
All
75%
age
73%
across
71%
not
71%
tension
71%
hysteria?
70%
hysteria
70%
I'm
68%
I’m
68%
Where
68%
agenda
67%
One
67%
okay
66%
meant
65%
mindfuck
65%
tomorrow
65%
And
64%
hear
64%
redneck
64%
can
63%
dreams
62%
everything
61%
follow
61%
sound
61%
part
59%
We’re
58%
ones
57%
by
55%
maybe
55%
propaganda
55%
Television
55%
controlled
54%
isn't
54%
under
54%
paranoia
53%
Well,
51%
subliminal
49%
alienation
45%
everybody
45%
that's
45%
It’s
44%
Now
44%
out
44%
enough
42%
argue
39%
For
38%
sing
38%
along
37%
Information
36%
who're
36%
calling
25%
No matching quizzes found
Score Distribution
Percent of People with Each Score
Percentile by Number Answered
Your Score History
You have not taken this quiz